000 00543nam a2200169 4500
001 125712
003 ES-MaACL
005 20230906192703.0
007 t|
008 070214s1964 sp r ||||1| spa d
100 1 _aRato y Rodríguez San Pedro, Apolinar de.
_995533
245 1 0 _aJesús en los cuatro evangelios /
_cApolinar de Rato y Rodríguez San Pedro, R. San Pedro.
260 _aMadrid :
_bAfrodisio Aguado,
_c1964.
300 _a269 p. :
_bil. ;
_c21 cm.
700 1 _aSan Pedro, R.
_9102291
852 _aES-MaACL
_jC-25787
_bR.54600
999 _c125712
_d125712